00650nam a2200229Ia 4500003000900000008004100009040001300050040001300063041000800076100001700084100000900101245004900110250001100159260000800170260000900178300001000187490001700197490000600214942000700220999001100227952018200238IT-RoPAU120407s9999 xx 000 0 und d aIT-RoPAU cIT-RoPAU aita aJesus Solano cs.j. aTestos eucaristicos primitivos. Ed. bilingue aMadrid aBAC c1952 c20 cm aBAC 88 e 118 v1 cBK c70d70 00102ddc406208_98800000000000071aPAULUSbPAULUSd2012-04-11l0o208.988r2012-04-11 00:00:00w2012-04-11yBKzInserito da: In data: n.d. fondo: Via A.Severo 56 Progr:35015